| 000 | 00385nam a2200145Ia 4500 | ||
|---|---|---|---|
| 008 | 210210b1977 xxu||||| |||| 00| 0 eng d | ||
| 082 | _a547 SONC | ||
| 100 | _aSONI (P L). | ||
| 245 | _aChemical principles and organic chemistry. | ||
| 260 |
_aN D _bSultan Chand & Sons _c1977 |
||
| 300 | _avi,2.357 | ||
| 650 | _aOrganic Chemistry | ||
| 690 | _aOrganic Chemistry | ||
| 906 | _aSG00537 | ||
| 999 |
_c111876 _d111876 |
||